000 00481nam a2200157 4500
001 119320
003 ES-MaACL
005 20230906191304.0
007 t|
008 070214s1969 sp r ||||1| spa d
100 1 _aPhillips, Derck.
_991693
245 1 0 _aIluminación
_b: principios y planificación de la iluminación de la casa /
_cpor Derck Phillips.
260 _aBarcelona :
_bPomaire,
_c1969.
300 _a54 p. :
_bil. ;
_c21 cm.
852 _aES-MaACL
_jC-48322
_bR.69177
999 _c119320
_d119320